| 000 | 01297nam0a22003371 4500 | ||
|---|---|---|---|
| 001 | rc\2280687 | ||
| 005 | 20110829191557.3 | ||
| 035 | _a(NLR Aleph) 006560029 | ||
| 090 |
_a6833445 _c6833445 |
||
| 100 | _a20110829d1977 |||y0rusy50 ca | ||
| 101 | 0 | _arus | |
| 102 | _aRU | ||
| 105 | _aa j ||||| | ||
| 200 | 1 |
_aСудовые парогенераторы _e[Учебник для вузов по специальности "Судовые силовые установки" _fН.И. Пушкин, Д.И. Волков, К.С. Дементьев и др. _gНауч. ред. В.П. Сигачев] |
|
| 210 |
_aЛенинград _cСудостроение _d1977 |
||
| 215 |
_a519 с. _cил. _d22 |
||
| 320 | _aПредм. указ.: с. 511-513 | ||
| 320 | _aСписок лит.: с. 514 | ||
| 606 |
_aСудовые котлы _jУчебники и пособия _2psbo |
||
| 686 |
_a0455.11я73-1 _2rubbk |
||
| 701 | 1 |
_aВолков _bД. И. |
|
| 701 | 1 |
_aДементьев _bК. С. |
|
| 701 | 1 |
_aПушкин _bН. И. _gНикита Иванович |
|
| 702 | 1 |
_aСигачев _bВ. П. _4340 |
|
| 801 | 0 |
_aRU _bNLR _gpsbo |
|
| 801 | 1 |
_aRU _bELAR _2rusmarc |
|
| 852 |
_aNLR _j77-5/5767 |
||
| 899 |
_aRuMoRGB _jБ 77-9/819 |
||
| 899 |
_aRuMoRGB _jБ 77-9/820 |
||
| 942 | _cBOOK | ||
| 980 | _aNB | ||